Word Ladder: Two by Four Movie Sets Quiz Stats

 Plays Quiz Updated Aug 1, 2015

Challenge
Share
Tweet
Embed
Score 0/57 Timer 06:00
0 Plays Today
Clue 4-Letter Word % Correct
Meat from a pigPORK
94.2%
Tortoise's opponentHARE
93.6%
Superman's flowing garmentCAPE
93.4%
Opposite of richPOOR
92.1%
Concern or preference forCARE
91.1%
Socially awkward personDORK
90.8%
Small skin openingPORE
90.7%
Heavy rain is said to do thisPOUR
90.3%
Popped treat for moviegoersCORN
90%
Spherical sports objectBALL
89%
Release from jail via a bondBAIL
88.3%
Peruse the written wordREAD
87.8%
Early part of the day, poeticallyMORN
87.6%
Acidic or tart tasteSOUR
87.6%
Deal with a situationCOPE
87.3%
Proper donut/coffee interactionDUNK
86.6%
Large company, for shortCORP
86.5%
Bayside sitting spotDOCK
85.1%
Broad, teeth-baring smileGRIN
84.9%
Type of shark found in barsPOOL
84.7%
Analytic sampling of opinionsPOLL
83.7%
Animal excrementDUNG
83.6%
Unearthly role for Robin WilliamsMORK
82.5%
Small dent on a fenderDING
82.3%
Referee's on-field judgmentCALL
82%
Dark shroud for coffinsPALL
81.5%
★Liv Ullmann (1972) 1st word★★POPE★
81.4%
Burn or char a surfaceSEAR
81.2%
Groan's vocalization partnerMOAN
81.2%
Clue 4-Letter Word % Correct
★Groucho Marx (1933) 1st word★★DUCK★
80.3%
★Groucho Marx (1933) 2nd word★★SOUP★
78.9%
Clutch or holdGRIP
78.8%
Successful action, often politicalCOUP
78.4%
Monetary profitGAIN
77.7%
Detective role for Tony ShalhoubMONK
76%
Silly Rabbit's fruity desireTRIX
76%
Jurassic Park residentT-REX
72%
Medicinal lotion or ointmentBALM
70.6%
★Tom Green (2000) 2nd word★★TRIP★
70.2%
Bar used as a support or barrierRAIL
68.7%
★Fay Wray (1933) 1st word★★KING★
68%
★Fay Wray (1933) 2nd word★★KONG★
67.8%
★Christian Slater (1998) 1st word★★HARD★
67.5%
★Nicole Kidman (1989) 2nd word★★CALM★
67.1%
★Nicole Kidman (1989) 1st word★★DEAD★
66.1%
Bang on the nogginKONK
64.9%
★Tom Green (2000) 1st word★★ROAD★
64.2%
★Channing Tatum (2010) 1st word★★DEAR★
64%
★Christian Slater (1998) 2nd word★★RAIN★
63.9%
★Zachary Quinto (2009) 1st word★★STAR★
62.9%
'Batman' actor BurtWARD
61.9%
Puzzling ladder typeWORD
61%
'Facts of Life' actress MindyCOHN
60.2%
★Channing Tatum (2010) 2nd word★★JOHN★
57.5%
★Zachary Quinto (2009) 2nd word★★TREK★
57.1%
★Liv Ullmann (1972) 2nd word★★JOAN★
55%
Blue dye of oldWOAD
49.2%

Today's Daily Dose

You're not logged in!

Compare scores with friends on all Sporcle quizzes.
OR
Log In

You Might Also Like...

Show Comments

Extras

Top Quizzes Today


Score Distribution

Your Account Isn't Verified!

In order to create a playlist on Sporcle, you need to verify the email address you used during registration. Go to your Sporcle Settings to finish the process.

Report this User

Report this user for behavior that violates our Community Guidelines.

Details: